Bradykinin, kallidin and kallikrein /

Bibliographic Details
Corporate Author: SpringerLink (Online service)
Other Authors: Erdös, Ervin G. (Editor), Wilde, Anne F. (Editor)
Format: eBook
Language:English
Published: Berlin ; New York : Springer, 1970.
Series:Handbook of experimental pharmacology ; 25 / 25.
Subjects:
Online Access:Connect to the full text of this electronic book

MARC

Tag First Indicator Second Indicator Subfields
LEADER 00000cam a2200000Ii 4500
001 in00003539721
006 m o d
007 cr cnu|||unuuu
008 140928s1970 gw a o 000 0 eng d
005 20260420211457.7
020 |a 9783642462221  |q (electronic bk.) 
020 |z 9783642462245 
020 |a 3642462227  |q (electronic bk.) 
024 7 |a 10.1007/978-3-642-46222-1  |2 doi 
035 |a (OCoLC)891503868 
040 |a GW5XE  |b eng  |e rda  |e pn  |c GW5XE  |d OCLCF  |d UtOrBLW 
049 |a TXAM 
050 0 0 |a QP552.K5 
072 7 |a MB  |2 bicssc 
072 7 |a MED000000  |2 bisacsh 
082 0 4 |a 612/.015756  |2 23 
245 0 0 |a Bradykinin, kallidin and kallikrein /  |c edited by Ervin G. Erdös, Anne F. Wilde. 
264 1 |a Berlin ;  |a New York :  |b Springer,  |c 1970. 
300 |a 1 online resource :  |b illustrations. 
336 |a text  |b txt  |2 rdacontent 
337 |a computer  |b c  |2 rdamedia 
338 |a online resource  |b cr  |2 rdacarrier 
490 1 |a Handbook of Experimental Pharmacology / Handbuch der experimentellen Pharmakologie, Heffter-Heubner / New Series,  |x 0171-2004 ;  |v 25 / 25 
500 |a With contributions by numerous experts 
505 0 |a 1: Introduction -- Discovery of the Most Important Kallikreins and Kallikrein Inhibitors -- The Discovery and Characterization of Bradykinin -- 2: Methods Used in Kinin Research -- The Kinins: Methods of Chemical Synthesis -- Purification of Mammalian Kallikreins, Kininogens, and Kinins -- Assay Methods in the Kinin System -- 3: Kininogenases -- Plasma Kininogenases and Their Activators -- Kallikreins in Glandular Tissues -- Proteolytie Enzymes as Kininogenases -- Snake Venoms -- Kallikrein Inhibitors -- 4: Kininogens -- Kininogens -- 5: Kininases -- Kininases -- 6: Kinins -- Section A: Physiological and Pharmacological Actions -- Structure-Activity Relationships of Kinins -- Effect of Kallikrein on the Cardiovascular System -- The Effect of the Kinins on the Cardiovascular System -- Effects of Bradykinin on the Kidney and Gastrointestinal Organs -- The Physiological Role of Glandular Kallikreins -- Vasodilatation in the Submaxillary Gland of the Cat, Rabbit, and Sheep -- Kinins and Ventilation of the Lungs -- The Effect of Bradykinin and Kallidin on Smooth Muscle -- Effect of Bradykinin on the Central Nervous System -- Section B: Pathological Role -- Pain -- Bradykinin and Intracranial Circulation in Man -- Kinins in Inflammation and Tissue Injury -- Immunochemistry of Bradykinin and Immunologic Activation of the Kinin System -- Addenda -- Evaluation of the Role of Kinins in Experimental, Pathological, and Clinical Conditions; the Therapeutic Use of Kallikrein Inhibitor -- 7: Urinary Kinins -- Urinary Kinins and Colostrokinin -- 8: Non-Mammalian Kinins -- Discovery of Non-Mammalian Kinins -- Kinins of Non-Mammalian Origin -- 9: Summary of Literature Published in Various Languages -- Summary of the Literature Published in Czechoslovakian, Polish, and Russian Journals -- A Summary of Literature Published in French -- Summary of Literature Published in Italian -- Summary of Literature Published in Japanese -- Summary of Literature Published in Spanish and Portuguese -- Author Index. 
588 0 |a Description based on online resource; title from PDF title page (Springerlink), viewed Sep. 27, 2014). 
650 0 |a Kinins. 
650 0 |a Bradykinin. 
650 0 |a Kallikrein. 
650 0 |a Medicine. 
650 0 |a Pharmacy. 
650 1 4 |a Medicine & Public Health. 
650 2 4 |a Medicine/Public Health, general. 
650 2 4 |a Pharmacy. 
650 7 |a Bradykinin.  |2 fast  |0 (OCoLC)fst00837503 
650 7 |a Kallikrein.  |2 fast  |0 (OCoLC)fst00985831 
650 7 |a Kinins.  |2 fast  |0 (OCoLC)fst00987751 
650 7 |a Medicine.  |2 fast  |0 (OCoLC)fst01014893 
650 7 |a Pharmacy.  |2 fast  |0 (OCoLC)fst01060285 
655 7 |a Electronic books.  |2 local 
700 1 |a Erdös, Ervin G.,  |e editor. 
700 1 |a Wilde, Anne F.,  |e editor. 
710 2 |a SpringerLink (Online service) 
830 0 |a Handbook of experimental pharmacology ;  |v 25 / 25.  |x 0171-2004 
856 4 0 |u http://proxy.library.tamu.edu/login?url=https://link.springer.com/10.1007/978-3-642-46222-1  |z Connect to the full text of this electronic book  |t 0 
994 |a 92  |b TXA 
999 |a MARS 
999 f f |s 301fe166-f9f8-3d24-b176-6b1755d75c5a  |i 3fd42ad9-6f7c-3b91-bf60-99c2060828db  |t 0 
952 f f |a Texas A&M University  |b College Station  |c Electronic Resources  |s www_evans  |d Available Online  |t 0  |e QP552.K5  |h Library of Congress classification 
998 f f |a QP552.K5  |t 0  |l Available Online